书目信息 |
| 题名: |
针灸临床手册
|
|
| 作者: | 朴联友 张学丽 | |
| 分册: | ||
| 出版信息: | 北京 人民卫生出版社 1996.12 |
|
| 页数: | 500页 | |
| 开本: | 32开 | |
| 丛书名: | ||
| 单 册: | ||
| 中图分类: | R245-62 | |
| 科图分类: | ||
| 主题词: | 中医学:临床医学 | |
| 电子资源: | ||
| ISBN: | 7-117-02448-8 | |
| 000 | 00547nam0 2200181 45 | |
| 001 | 9911301546 | |
| 005 | 19991130153810.0 | |
| 010 | @a7-117-02448-8@d28.00 | |
| 100 | @a19991130d1996 km y0chiy0120 ea | |
| 101 | @achi | |
| 105 | @a z 000yy | |
| 200 | 1 | @a针灸临床手册@AZhen Jiu Lin Chuang Shou Ce@f朴联友 张学丽@FPu Lian You Zhang Xue Li |
| 210 | @a北京@c人民卫生出版社@d1996.12 | |
| 215 | @a500页@c无图表@d32开 | |
| 606 | 0 | @a中医学:临床医学 |
| 690 | @aR245-62@v3 | |
| 801 | @aCN@bPerfectUser@c19991130 | |
| 905 | @aBZT@b64619-620@f2@dR245-62@e8 | |
| 针灸临床手册/朴联友 张学丽.-北京:人民卫生出版社,1996.12 |
| 500页:无图表;32开 |
| ISBN 7-117-02448-8:28.00 |
| ● |
| 相关链接 |
|
|
|
正题名:针灸临床手册
索取号:R245-62/8
 
预约/预借
| 序号 | 登录号 | 条形码 | 馆藏地/架位号 | 状态 | 备注 |
| 1 | 64619 | 200559920 | 中心书库中库/ 中库003架A面7列3层12/ [索取号:R245-62/8] | 在馆 | |
| 2 | 64620 | 200559911 | 中心书库中库/ 中库003架A面7列3层11/ [索取号:R245-62/8] | 在馆 |